Aprendizaje : (Record no. 83257)

MARC details
000 -CABECERA
campo de control de longitud fija 00638nam a2200193 a 4500
005 - FECHA Y HORA DE LA ÚLTIMA TRANSACCIÓN
campo de control 20240925064934.0
008 - ELEMENTOS DE LONGITUD FIJA--INFORMACIÓN GENERAL
campo de control de longitud fija 010706s2000 mx r 000 0 spa d
020 ## - NÚMERO INTERNACIONAL NORMALIZADO PARA LIBROS
Número Internacional Estándar del Libro 8448124928
035 ## - NÚMERO DE CONTROL DEL SISTEMA
Número de control de sistema UPN01000109346
049 ## - COLECCIÓN
Colección CG
050 #4 - SIGNATURA TOPOGRÁFICA DE LA BIBLIOTECA DEL CONGRESO
Número de clasificación BF318
Número de documento/Ítem T3.28
100 1# - ASIENTO PRINCIPAL--NOMBRE PERSONAL
Nombre de persona Tarpy, Roger M.
245 10 - MENCIÓN DE TÍTULO
Título Aprendizaje :
Resto del título teoría e investigación contemporáneas /
Mención de responsabilidad, etc. Roger M. Tarpy ; tr. Ginés Evangelista Navarro.
260 ## - PUBLICACIÓN, DISTRIBUCIÓN, ETC.
Lugar de publicación, distribución, etc. Madrid :
Nombre del editor, distribuidor, etc. McGraw-Hill Interamericana,
Fecha de publicación, distribución, etc. c2000.
300 ## - DESCRIPCIÓN FÍSICA
Extensión 687 p. :
Otras características físicas il.
534 ## - NOTA SOBRE LA VERSIÓN ORIGINAL
Frase introductoria Traducción de:
Mención de título del original Contemporary learning theory and research
650 #4 - ASIENTO SECUNDARIO DE MATERIA - TERMINO TEMATICO
Término de materia o nombre geográfico como elemento de entrada Psicología del aprendizaje
9 (RLIN) 5221
905 ## - TIPO DE MATERIAL
Tipo de material Libro
Holdings
Estado de retiro Estado de pérdida Fuente del sistema de clasificación o colocación Estado dañado No para préstamo Código de colección Localización permanente Ubicación/localización actual Ubicación en estantería Total de préstamos Clasificación Código de barras Fecha visto por última vez Número de copia Tipo de ítem Koha
    Library of Congress Classification     Colección General Bib. Gregorio Torres Quintero Bib. Gregorio Torres Quintero Planta baja 19 BF318 T3.28 163527 31/12/2020 1 Libro
    Library of Congress Classification     Colección General Bib. Gregorio Torres Quintero Bib. Gregorio Torres Quintero Planta baja 10 BF318 T3.28 170651 31/12/2020 1 Libro
    Library of Congress Classification     Colección General Bib. Gregorio Torres Quintero Bib. Gregorio Torres Quintero Planta baja 16 BF318 T3.28 195897 31/12/2020 1 Libro
    Library of Congress Classification     Colección General Bib. Gregorio Torres Quintero Bib. Gregorio Torres Quintero Planta baja 8 BF318 T3.28 170652 31/12/2020 1 Libro
    Library of Congress Classification     Colección General Bib. Gregorio Torres Quintero Bib. Gregorio Torres Quintero Planta baja 8 BF318 T3.28 170653 31/12/2020 1 Libro